[Event "Mästar Elit"]
[Site "Örebro"]
[Date "2013.07.09"]
[Round "4"]
[White "Persson, Andreas"]
[Black "Andréasson, Ingvar"]
[Result "1/2-1/2"]
[BlackElo "2345"]
[WhiteElo "2167"]

1. e4 {[%clk 1:30:58]} c5 {[%clk 1:26:22]} 2. Nc3 {[%clk 1:30:47]} e6
{[%clk 1:25:44]} 3. f4 {[%clk 1:30:44]} Nc6 {[%clk 1:25:15]} 4. Nf3
{[%clk 1:30:00]} a6 {[%clk 1:25:18]} 5. g3 {[%clk 1:24:41]} d5 {[%clk 1:24:39]}
6. Bg2 {[%clk 1:22:13]} Nf6 {[%clk 1:14:30]} 7. d3 {[%clk 1:16:40]} Be7
{[%clk 1:07:35]} 8. O-O {[%clk 1:09:53]} d4 {[%clk 0:57:04]} 9. Nb1
{[%clk 1:05:43]} O-O {[%clk 0:55:19]} 10. a4 {[%clk 0:58:27]} Rb8
{[%clk 0:53:55]} 11. Qe2 {[%clk 0:49:52]} b5 {[%clk 0:51:44]} 12. Nbd2
{[%clk 0:40:27]} Ng4 {[%clk 0:44:23]} 13. axb5 {[%clk 0:39:49]} axb5
{[%clk 0:44:27]} 14. Nb3 {[%clk 0:35:07]} c4 {[%clk 0:33:14]} 15. h3
{[%clk 0:30:37]} cxb3 {[%clk 0:17:20]} 16. hxg4 {[%clk 0:29:57]} bxc2
{[%clk 0:17:38]} 17. Qxc2 {[%clk 0:28:45]} Qb6 {[%clk 0:17:34]} 18. Bd2
{[%clk 0:25:48]} Bd7 {[%clk 0:17:13]} 19. Rfc1 {[%clk 0:23:58]} Rfc8
{[%clk 0:15:54]} 20. Qd1 {[%clk 0:20:54]} Be8 {[%clk 0:14:53]} 21. g5
{[%clk 0:18:48]} b4 {[%clk 0:14:53]} 22. Be1 {[%clk 0:17:25]} Rd8
{[%clk 0:11:40]} 23. Bf2 {[%clk 0:16:36]} e5 {[%clk 0:09:04]} 24. fxe5
{[%clk 0:14:34]} Qb5 {[%clk 0:09:09]} 25. Bf1 {[%clk 0:12:46]} b3
{[%clk 0:08:35]} 26. Kg2 {[%clk 0:10:46]} Nxe5 {[%clk 0:07:13]} 27. Nxd4
{[%clk 0:09:54]} Qd7 {[%clk 0:07:32]} 28. Ra5 {[%clk 0:08:09]} Ng4
{[%clk 0:05:23]} 29. Nc6 {[%clk 0:04:20]} Nxf2 {[%clk 0:05:26]} 30. Kxf2
{[%clk 0:04:44]} Qc7 {[%clk 0:04:52]} 31. Nxe7+ {[%clk 0:03:03]} Qxe7
{[%clk 0:05:18]} 32. Rac5 {[%clk 0:01:57]} Rb4 {[%clk 0:02:50]} 33. Qf3
{[%clk 0:01:53]} Ra4 {[%clk 0:02:27]} 34. Qe3 {[%clk 0:00:57]} Ra2
{[%clk 0:02:47]} 35. Rb1 {[%clk 0:00:50]} h6 {[%clk 0:02:27]} 36. d4
{[%clk 0:00:56]} hxg5 {[%clk 0:02:44]} 37. Bc4 {[%clk 0:00:40]} Qf6+
{[%clk 0:01:45]} 38. Rf5 {[%clk 0:00:41]} Qxd4 {[%clk 0:01:17]} 39. Qxd4
{[%clk 0:01:04]} Rxd4 {[%clk 0:01:44]} 40. Bxb3 {[%clk 0:30:49]} Rd2+
{[%clk 0:30:55]} 41. Ke3 {[%clk 0:27:59]} Raxb2 {[%clk 0:27:19]} 42. Rxb2
{[%clk 0:28:02]} Rxb2 {[%clk 0:25:11]} 43. Bd5 {[%clk 0:28:18]} Kf8
{[%clk 0:13:10]} 44. Rxg5 {[%clk 0:27:18]} f6 {[%clk 0:12:43]} 45. Rf5
{[%clk 0:26:27]} Rg2 {[%clk 0:12:10]} 46. Kf3 {[%clk 0:25:03]} Rc2
{[%clk 0:09:26]} 47. Ke3 {[%clk 0:22:03]} Rc3+ {[%clk 0:08:02]} 48. Kf2
{[%clk 0:22:26]} Bd7 {[%clk 0:07:19]} 49. Rh5 {[%clk 0:21:49]} Rc2+
{[%clk 0:06:47]} 50. Kf3 {[%clk 0:22:00]} Rc3+ {[%clk 0:06:29]} 51. Kf2
{[%clk 0:21:49]} Rc2+ {[%clk 0:06:40]} 52. Kf3 {[%clk 0:22:12]} Rc3+
{[%clk 0:06:38]} 1/2-1/2

[Event "Mästar Elit"]
[Site "Örebro"]
[Date "2013.07.09"]
[Round "4"]
[White "Cramling, Dan"]
[Black "Kenneskog, Theodor"]
[Result "1-0"]
[BlackElo "2228"]
[WhiteElo "2371"]

1. Nf3 {[%clk 1:30:48]} Nf6 {[%clk 1:30:45]} 2. c4 {[%clk 1:31:07]} g6
{[%clk 1:30:58]} 3. Nc3 {[%clk 1:31:22]} d5 {[%clk 1:31:21]} 4. Qa4+
{[%clk 1:31:12]} Bd7 {[%clk 1:31:45]} 5. Qb3 {[%clk 1:31:36]} dxc4
{[%clk 1:32:04]} 6. Qxc4 {[%clk 1:31:57]} a6 {[%clk 1:32:29]} 7. d4
{[%clk 1:31:49]} b5 {[%clk 1:32:48]} 8. Qb3 {[%clk 1:31:49]} c5 {[%clk 1:33:08]}
9. dxc5 {[%clk 1:31:05]} Bg7 {[%clk 1:33:29]} 10. e4 {[%clk 1:27:26]} O-O
{[%clk 1:24:59]} 11. Be2 {[%clk 1:23:28]} Be6 {[%clk 1:23:23]} 12. Qc2
{[%clk 1:23:35]} Nbd7 {[%clk 1:23:41]} 13. Be3 {[%clk 0:56:20]} Rc8
{[%clk 1:23:41]} 14. c6 {[%clk 0:40:21]} Rxc6 {[%clk 1:10:08]} 15. Nd4
{[%clk 0:39:47]} Rd6 {[%clk 1:09:22]} 16. Nxe6 {[%clk 0:36:42]} Rxe6
{[%clk 1:07:46]} 17. O-O {[%clk 0:30:44]} Qc7 {[%clk 1:01:24]} 18. Qd2
{[%clk 0:24:22]} Rd6 {[%clk 0:39:40]} 19. Qc1 {[%clk 0:11:57]} b4
{[%clk 0:32:05]} 20. Na4 {[%clk 0:10:44]} Rc6 {[%clk 0:31:34]} 21. Qd2
{[%clk 0:10:50]} Qa5 {[%clk 0:27:00]} 22. b3 {[%clk 0:10:54]} Rd8
{[%clk 0:27:01]} 23. f3 {[%clk 0:05:36]} Ne5 {[%clk 0:12:03]} 24. Qe1
{[%clk 0:05:58]} Nd3 {[%clk 0:12:15]} 25. Qh4 {[%clk 0:05:51]} Nh5
{[%clk 0:10:19]} 26. Rad1 {[%clk 0:05:11]} Bf6 {[%clk 0:09:56]} 27. Qg4
{[%clk 0:05:16]} Ne5 {[%clk 0:09:35]} 28. Qh3 {[%clk 0:04:09]} e6
{[%clk 0:05:00]} 29. f4 {[%clk 0:02:19]} Nd7 {[%clk 0:05:29]} 30. e5
{[%clk 0:01:15]} Be7 {[%clk 0:05:22]} 31. Rd2 {[%clk 0:00:43]} Nf8
{[%clk 0:04:20]} 32. Rfd1 {[%clk 0:00:44]} Rxd2 {[%clk 0:04:26]} 33. Rxd2
{[%clk 0:01:08]} Ng7 {[%clk 0:04:24]} 34. Qf3 {[%clk 0:00:56]} Qc7
{[%clk 0:03:57]} 35. g3 {[%clk 0:01:08]} Nf5 {[%clk 0:04:12]} 36. Bf2
{[%clk 0:01:29]} h5 {[%clk 0:03:40]} 37. Kg2 {[%clk 0:01:50]} Nd7
{[%clk 0:02:29]} 38. Qd3 {[%clk 0:02:07]} Nc5 {[%clk 0:01:44]} 39. Nxc5
{[%clk 0:01:06]} Bxc5 {[%clk 0:02:13]} 40. Bf3 {[%clk 0:31:34]} Bxf2
{[%clk 0:31:42]} 41. Bxc6 {[%clk 0:31:02]} Qxc6+ {[%clk 0:29:54]} 42. Kxf2
{[%clk 0:31:03]} Qh1 {[%clk 0:30:12]} 43. Qf3 {[%clk 0:30:16]} Qxh2+
{[%clk 0:28:16]} 44. Qg2 {[%clk 0:30:27]} Qxg2+ {[%clk 0:27:21]} 45. Kxg2
{[%clk 0:30:49]} Ne3+ {[%clk 0:27:48]} 46. Kf3 {[%clk 0:27:51]} Nd5
{[%clk 0:28:13]} 47. Rd4 {[%clk 0:27:15]} a5 {[%clk 0:22:53]} 48. Rc4
{[%clk 0:24:32]} Nc3 {[%clk 0:21:58]} 49. a4 {[%clk 0:24:20]} Na2
{[%clk 0:18:24]} 50. Ke3 {[%clk 0:23:45]} Kg7 {[%clk 0:18:06]} 51. Rc2
{[%clk 0:21:50]} 1-0

[Event "Mästar Elit"]
[Site "Örebro"]
[Date "2013.07.09"]
[Round "4"]
[White "Larsson, Anders"]
[Black "Johansson, Linus"]
[Result "1/2-1/2"]
[BlackElo "2347"]
[WhiteElo "2314"]

1. d4 {[%clk 1:24:53]} Nf6 {[%clk 1:30:53]} 2. Nf3 {[%clk 1:24:41]} e6
{[%clk 1:31:17]} 3. Bg5 {[%clk 1:23:35]} h6 {[%clk 1:31:39]} 4. Bxf6
{[%clk 1:21:22]} Qxf6 {[%clk 1:32:07]} 5. e4 {[%clk 1:21:22]} g5 {[%clk 1:32:19]}
6. Nc3 {[%clk 1:06:33]} a6 {[%clk 1:27:02]} 7. Bd3 {[%clk 1:01:30]} Bg7
{[%clk 1:25:34]} 8. O-O {[%clk 0:52:27]} d6 {[%clk 1:25:30]} 9. Re1
{[%clk 0:48:20]} Qd8 {[%clk 1:19:38]} 10. e5 {[%clk 0:44:00]} O-O
{[%clk 1:14:58]} 11. h3 {[%clk 0:42:03]} Nd7 {[%clk 1:14:28]} 12. Qe2
{[%clk 0:40:40]} d5 {[%clk 1:13:00]} 13. Nd1 {[%clk 0:39:28]} 1/2-1/2

[Event "Mästar Elit"]
[Site "Örebro"]
[Date "2013.07.10"]
[Round "5"]
[White "Kenneskog, Theodor"]
[Black "Andersson, Tommy"]
[Result "1/2-1/2"]
[BlackElo "2345"]
[WhiteElo "2228"]

1. e4 {[%clk 1:30:58]} c5 {[%clk 1:29:47]} 2. Nf3 {[%clk 1:31:04]} d6
{[%clk 1:30:09]} 3. d4 {[%clk 1:31:24]} cxd4 {[%clk 1:30:30]} 4. Nxd4
{[%clk 1:31:47]} Nf6 {[%clk 1:30:54]} 5. Nc3 {[%clk 1:32:12]} a6 {[%clk 1:31:20]}
6. Be3 {[%clk 1:32:32]} e5 {[%clk 1:31:39]} 7. Nb3 {[%clk 1:32:55]} Be6
{[%clk 1:31:58]} 8. h3 {[%clk 1:33:17]} Nbd7 {[%clk 1:20:11]} 9. Qf3
{[%clk 1:31:47]} Rc8 {[%clk 1:19:43]} 10. O-O-O {[%clk 1:21:14]} Be7
{[%clk 1:15:03]} 11. g4 {[%clk 1:21:05]} h6 {[%clk 1:14:23]} 12. Kb1
{[%clk 1:15:29]} Qc7 {[%clk 1:13:47]} 13. Bd3 {[%clk 1:06:12]} Nb6
{[%clk 0:58:20]} 14. Rhg1 {[%clk 0:44:54]} Nc4 {[%clk 0:56:32]} 15. Bxc4
{[%clk 0:41:41]} Qxc4 {[%clk 0:56:01]} 16. h4 {[%clk 0:41:21]} b5
{[%clk 0:32:20]} 17. g5 {[%clk 0:39:16]} hxg5 {[%clk 0:31:19]} 18. hxg5
{[%clk 0:39:37]} Rh3 {[%clk 0:16:07]} 19. Qg2 {[%clk 0:37:48]} Nd7
{[%clk 0:13:47]} 20. g6 {[%clk 0:34:54]} f6 {[%clk 0:13:47]} 21. f3
{[%clk 0:26:11]} b4 {[%clk 0:12:16]} 22. Nd5 {[%clk 0:26:27]} Qb5
{[%clk 0:11:54]} 23. f4 {[%clk 0:23:34]} Rh4 {[%clk 0:09:19]} 24. Qf2
{[%clk 0:13:46]} Rh3 {[%clk 0:09:06]} 25. Qg2 {[%clk 0:14:13]} Rh4
{[%clk 0:09:22]} 26. Qf2 {[%clk 0:11:55]} Rh3 {[%clk 0:09:27]} 27. Qg2
{[%clk 0:09:52]} Rh4 1/2-1/2

[Event "Mästar Elit"]
[Site "Örebro"]
[Date "2013.07.10"]
[Round "5"]
[White "Sagit, Rauan"]
[Black "Frisk Kockum, Anton"]
[Result "1/2-1/2"]
[BlackElo "2346"]
[WhiteElo "2355"]

1. e4 {[%clk 1:28:56]} e6 {[%clk 1:30:35]} 2. d4 {[%clk 1:29:14]} d5
{[%clk 1:31:00]} 3. Nc3 {[%clk 1:29:36]} dxe4 {[%clk 1:30:53]} 4. Nxe4
{[%clk 1:29:48]} Qd5 {[%clk 1:31:17]} 5. Nc3 {[%clk 1:27:51]} Bb4
{[%clk 1:31:42]} 6. Nf3 {[%clk 1:24:44]} b6 {[%clk 1:32:04]} 7. Bd2
{[%clk 1:22:46]} Bxc3 {[%clk 1:32:02]} 8. Bxc3 {[%clk 1:22:21]} Nf6
{[%clk 1:32:06]} 9. Bd3 {[%clk 1:16:41]} Ba6 {[%clk 1:31:11]} 10. O-O
{[%clk 1:15:39]} Bxd3 {[%clk 1:28:09]} 11. Qxd3 {[%clk 1:16:01]} Nbd7
{[%clk 1:26:16]} 12. Rfe1 {[%clk 1:15:34]} O-O {[%clk 1:23:12]} 13. Bd2
{[%clk 1:13:51]} c5 {[%clk 1:15:49]} 14. c4 {[%clk 1:13:31]} Qh5 {[%clk 1:16:03]}
15. Rad1 {[%clk 1:12:05]} Rfe8 {[%clk 1:06:38]} 16. Bc3 {[%clk 1:10:08]} cxd4
{[%clk 1:00:34]} 17. Qxd4 {[%clk 1:07:14]} e5 {[%clk 0:54:19]} 18. Qh4
{[%clk 1:06:41]} Qf5 {[%clk 0:49:10]} 19. Qg5 {[%clk 1:02:42]} Qxg5
{[%clk 0:47:22]} 20. Nxg5 {[%clk 1:03:02]} Rac8 {[%clk 0:44:21]} 21. Ne4
{[%clk 1:02:00]} Nxe4 {[%clk 0:44:25]} 22. Rxe4 {[%clk 1:02:11]} Nf8
{[%clk 0:34:48]} 23. Rxe5 {[%clk 0:58:24]} Rxe5 {[%clk 0:30:04]} 24. Bxe5
{[%clk 0:58:44]} Rxc4 {[%clk 0:30:25]} 25. h3 {[%clk 0:57:16]} f6
{[%clk 0:30:25]} 26. Bc3 {[%clk 0:54:00]} Kf7 {[%clk 0:29:53]} 27. Rd8
{[%clk 0:51:58]} Ke7 {[%clk 0:26:58]} 28. Ra8 {[%clk 0:50:12]} a5
{[%clk 0:26:59]} 29. Ra7+ {[%clk 0:48:54]} Nd7 {[%clk 0:27:13]} 30. Kf1
{[%clk 0:47:13]} Rc8 {[%clk 0:25:43]} 31. Ke2 {[%clk 0:41:03]} Kd6
{[%clk 0:25:13]} 32. f3 {[%clk 0:35:07]} g6 {[%clk 0:21:06]} 33. Kd2
{[%clk 0:34:04]} h5 {[%clk 0:18:09]} 34. a3 {[%clk 0:30:50]} Re8 {[%clk 0:15:57]}
35. b4 {[%clk 0:28:29]} axb4 {[%clk 0:16:14]} 36. axb4 {[%clk 0:28:44]} f5
{[%clk 0:12:27]} 37. h4 {[%clk 0:20:03]} Rc8 {[%clk 0:10:59]} 38. g3
{[%clk 0:09:50]} Ke6 {[%clk 0:05:45]} 39. Ra6 {[%clk 0:05:06]} Kd5
{[%clk 0:01:35]} 40. Ra7 {[%clk 0:33:31]} Ke6 {[%clk 0:31:49]} 41. Kd3
{[%clk 0:25:14]} Rc6 {[%clk 0:27:52]} 42. Ra8 {[%clk 0:20:54]} Rd6+
{[%clk 0:24:25]} 43. Kc4 {[%clk 0:14:51]} Rc6+ {[%clk 0:23:38]} 44. Kd4
{[%clk 0:08:11]} 1/2-1/2

[Event "Mästar Elit"]
[Site "Örebro"]
[Date "2013.07.10"]
[Round "5"]
[White "Andréasson, Ingvar"]
[Black "Cramling, Dan"]
[Result "0-1"]
[BlackElo "2371"]
[WhiteElo "2345"]

1. Nf3 {[%clk 1:24:55]} c5 {[%clk 1:30:17]} 2. b3 {[%clk 1:22:25]} d6
{[%clk 1:29:59]} 3. c4 {[%clk 1:20:37]} e5 {[%clk 1:28:45]} 4. Bb2
{[%clk 1:19:25]} g6 {[%clk 1:28:50]} 5. e3 {[%clk 1:17:31]} Bg7 {[%clk 1:28:51]}
6. d3 {[%clk 1:17:14]} Ne7 {[%clk 1:27:15]} 7. Nbd2 {[%clk 1:17:12]} O-O
{[%clk 1:27:00]} 8. Qc2 {[%clk 1:17:15]} Nbc6 {[%clk 1:27:05]} 9. Be2
{[%clk 1:13:41]} h6 {[%clk 1:23:02]} 10. O-O {[%clk 1:08:07]} f5 {[%clk 1:18:37]}
11. a3 {[%clk 1:05:01]} g5 {[%clk 1:06:36]} 12. Rfd1 {[%clk 1:05:03]} g4
{[%clk 0:54:05]} 13. Ne1 {[%clk 1:03:14]} Be6 {[%clk 0:50:40]} 14. Rab1
{[%clk 0:59:19]} a5 {[%clk 0:47:13]} 15. Bc3 {[%clk 0:59:10]} d5 {[%clk 0:42:55]}
16. cxd5 {[%clk 0:56:34]} Nxd5 {[%clk 0:43:09]} 17. Ba1 {[%clk 0:56:42]} Rc8
{[%clk 0:42:14]} 18. Rdc1 {[%clk 0:55:16]} h5 {[%clk 0:34:21]} 19. Qd1
{[%clk 0:55:19]} b6 {[%clk 0:32:57]} 20. Nc2 {[%clk 0:55:25]} Qd7
{[%clk 0:18:51]} 21. Nc4 {[%clk 0:51:15]} Rb8 {[%clk 0:15:11]} 22. d4
{[%clk 0:43:11]} cxd4 {[%clk 0:12:43]} 23. exd4 {[%clk 0:42:32]} Nf4
{[%clk 0:08:14]} 24. Nxe5 {[%clk 0:37:16]} Bxe5 {[%clk 0:07:21]} 25. dxe5
{[%clk 0:36:36]} Qxd1+ {[%clk 0:07:17]} 26. Bxd1 {[%clk 0:36:08]} Nd3
{[%clk 0:07:36]} 27. Nb4 {[%clk 0:18:49]} Ncxb4 {[%clk 0:06:19]} 28. Rc3
{[%clk 0:18:38]} Nc5 {[%clk 0:06:39]} 29. axb4 {[%clk 0:18:27]} axb4
{[%clk 0:07:03]} 30. Rcc1 {[%clk 0:18:28]} Rfd8 {[%clk 0:06:59]} 31. Be2
{[%clk 0:13:16]} Rd2 {[%clk 0:07:05]} 32. Bc4 {[%clk 0:13:17]} Kf7
{[%clk 0:07:23]} 33. Bxe6+ {[%clk 0:05:33]} Kxe6 {[%clk 0:07:47]} 34. Rc4
{[%clk 0:02:15]} Rbd8 {[%clk 0:07:42]} 35. Rf1 {[%clk 0:02:29]} Nxb3
{[%clk 0:02:34]} 36. Rc6+ {[%clk 0:01:24]} Kd5 {[%clk 0:02:40]} 37. Rxb6
{[%clk 0:01:17]} Kc5 {[%clk 0:01:57]} 38. Ra6 {[%clk 0:01:28]} Kb5
{[%clk 0:01:18]} 39. Ra7 {[%clk 0:01:40]} Kb6 {[%clk 0:01:11]} 40. Ra4
{[%clk 0:31:47]} Kb5 {[%clk 0:31:07]} 41. Ra7 {[%clk 0:32:06]} Rd1
{[%clk 0:20:44]} 42. e6 {[%clk 0:31:20]} Rxa1 {[%clk 0:20:44]} 43. Raxa1
{[%clk 0:30:41]} Nxa1 {[%clk 0:20:52]} 44. Rxa1 {[%clk 0:30:54]} Re8
{[%clk 0:14:56]} 45. Re1 {[%clk 0:30:22]} Kc4 {[%clk 0:14:28]} 46. f3
{[%clk 0:24:03]} b3 {[%clk 0:13:43]} 47. Rc1+ {[%clk 0:22:37]} Kd3
{[%clk 0:12:51]} 48. Rc6 {[%clk 0:22:13]} Rb8 {[%clk 0:13:09]} 49. Rd6+
{[%clk 0:21:54]} Kc3 {[%clk 0:13:23]} 50. Rc6+ {[%clk 0:22:07]} Kb4
{[%clk 0:13:37]} 0-1

[Event "Mästar Elit"]
[Site "Örebro"]
[Date "2013.07.10"]
[Round "5"]
[White "Johansson, Linus"]
[Black "Persson, Andreas"]
[Result "0-1"]
[BlackElo "2167"]
[WhiteElo "2347"]

1. Nf3 {[%clk 1:30:53]} Nf6 {[%clk 1:30:43]} 2. g3 {[%clk 1:31:19]} b6
{[%clk 1:29:39]} 3. Bg2 {[%clk 1:31:44]} Bb7 {[%clk 1:30:04]} 4. O-O
{[%clk 1:32:08]} c5 {[%clk 1:30:05]} 5. c4 {[%clk 1:32:31]} g6 {[%clk 1:29:52]}
6. Nc3 {[%clk 1:32:56]} Bg7 {[%clk 1:29:36]} 7. d4 {[%clk 1:33:19]} cxd4
{[%clk 1:30:01]} 8. Qxd4 {[%clk 1:33:47]} d6 {[%clk 1:30:04]} 9. Rd1
{[%clk 1:33:55]} Nbd7 {[%clk 1:29:51]} 10. Qh4 {[%clk 1:33:29]} Rc8
{[%clk 1:25:30]} 11. Be3 {[%clk 1:33:40]} a6 {[%clk 1:24:01]} 12. Rac1
{[%clk 1:33:56]} O-O {[%clk 1:21:24]} 13. b3 {[%clk 1:23:11]} Rc7
{[%clk 1:19:46]} 14. Bh3 {[%clk 1:18:55]} Qb8 {[%clk 1:18:25]} 15. Nd5
{[%clk 1:12:07]} Bxd5 {[%clk 1:08:20]} 16. cxd5 {[%clk 1:12:29]} Rfc8
{[%clk 1:06:07]} 17. Rxc7 {[%clk 1:00:32]} Rxc7 {[%clk 1:03:01]} 18. Bg2
{[%clk 1:00:40]} Rc2 {[%clk 0:58:12]} 19. a4 {[%clk 1:00:11]} Nc5
{[%clk 0:52:05]} 20. Nd4 {[%clk 0:57:17]} Rb2 {[%clk 0:50:06]} 21. Nc6
{[%clk 0:53:51]} Qb7 {[%clk 0:47:49]} 22. b4 {[%clk 0:53:44]} Nxa4
{[%clk 0:44:33]} 23. Rc1 {[%clk 0:52:10]} h5 {[%clk 0:40:01]} 24. Bh3
{[%clk 0:47:07]} Kf8 {[%clk 0:30:17]} 25. Qc4 {[%clk 0:35:33]} b5
{[%clk 0:26:15]} 26. Qd3 {[%clk 0:35:34]} Kg8 {[%clk 0:20:54]} 27. Bc8
{[%clk 0:28:03]} Qa8 {[%clk 0:20:40]} 28. Nxe7+ {[%clk 0:24:11]} Kh7
{[%clk 0:19:27]} 29. Bd4 {[%clk 0:15:44]} Rxb4 {[%clk 0:18:29]} 30. e4
{[%clk 0:15:13]} Rxd4 {[%clk 0:15:06]} 31. Qxd4 {[%clk 0:15:25]} Ng8
{[%clk 0:15:28]} 32. Qe3 {[%clk 0:12:35]} Nxe7 {[%clk 0:15:41]} 33. Bh3
{[%clk 0:12:59]} Qb7 {[%clk 0:14:37]} 34. Qf4 {[%clk 0:10:54]} Nc3
{[%clk 0:13:29]} 35. Rxc3 {[%clk 0:07:20]} Bxc3 {[%clk 0:13:53]} 36. Qxf7+
{[%clk 0:07:46]} Bg7 {[%clk 0:13:25]} 37. e5 {[%clk 0:07:44]} Qc7
{[%clk 0:11:50]} 38. f4 {[%clk 0:05:54]} Qc5+ {[%clk 0:09:51]} 39. Kf1
{[%clk 0:06:17]} Nxd5 {[%clk 0:08:13]} 40. e6 {[%clk 0:36:22]} Qc1+
{[%clk 0:36:26]} 41. Ke2 {[%clk 0:34:57]} Nc3+ {[%clk 0:33:50]} 42. Kf3
{[%clk 0:33:56]} Qd1+ {[%clk 0:34:05]} 43. Kg2 {[%clk 0:33:44]} Qe2+
{[%clk 0:33:57]} 44. Kg1 {[%clk 0:33:39]} Qe3+ {[%clk 0:31:35]} 45. Kg2
{[%clk 0:33:40]} Kh6 {[%clk 0:30:18]} 46. Bf5 {[%clk 0:33:52]} gxf5
{[%clk 0:29:15]} 47. e7 {[%clk 0:34:14]} Qe2+ {[%clk 0:27:33]} 48. Kh3
{[%clk 0:34:29]} Nd5 {[%clk 0:20:33]} 49. Qxd5 {[%clk 0:31:52]} Qxe7
{[%clk 0:20:56]} 50. Qxf5 {[%clk 0:31:48]} Qf6 {[%clk 0:20:36]} 51. Qd3
{[%clk 0:31:22]} Qe6+ {[%clk 0:20:02]} 52. f5 {[%clk 0:31:39]} Qf6
{[%clk 0:19:08]} 53. Kg2 {[%clk 0:31:42]} Kh7 {[%clk 0:19:02]} 54. Qf3
{[%clk 0:32:01]} Qg5 {[%clk 0:18:48]} 55. Qd3 {[%clk 0:32:08]} Be5
{[%clk 0:18:36]} 56. Qc2 {[%clk 0:32:19]} Kh6 {[%clk 0:17:57]} 57. Qc8
{[%clk 0:32:39]} a5 {[%clk 0:17:00]} 58. Qf8+ {[%clk 0:31:46]} Qg7
{[%clk 0:17:18]} 59. Qa8 {[%clk 0:32:03]} b4 {[%clk 0:16:18]} 60. Qxa5
{[%clk 0:32:21]} b3 {[%clk 0:16:15]} 0-1

[Event "Mästar Elit"]
[Site "Örebro"]
[Date "2013.07.10"]
[Round "5"]
[White "Lindgren, Philip"]
[Black "Larsson, Anders"]
[Result "1-0"]
[BlackElo "2314"]
[WhiteElo "2287"]

1. d4 {[%clk 1:30:53]} e6 {[%clk 1:30:11]} 2. c4 {[%clk 1:30:39]} Bb4+
{[%clk 1:29:42]} 3. Bd2 {[%clk 1:30:41]} Bxd2+ {[%clk 1:30:03]} 4. Qxd2
{[%clk 1:30:52]} Nf6 {[%clk 1:29:21]} 5. g3 {[%clk 1:27:19]} O-O {[%clk 1:28:02]}
6. Bg2 {[%clk 1:25:56]} d6 {[%clk 1:27:51]} 7. e4 {[%clk 1:20:50]} e5
{[%clk 1:15:29]} 8. Ne2 {[%clk 1:17:03]} exd4 {[%clk 0:49:27]} 9. Nxd4
{[%clk 1:14:30]} Re8 {[%clk 0:49:41]} 10. Nc3 {[%clk 1:13:34]} Nbd7
{[%clk 0:46:42]} 11. O-O {[%clk 1:11:58]} Nc5 {[%clk 0:41:42]} 12. Rfe1
{[%clk 1:10:48]} a5 {[%clk 0:40:58]} 13. b3 {[%clk 1:05:52]} Bd7 {[%clk 0:35:40]}
14. Rad1 {[%clk 0:57:57]} Bg4 {[%clk 0:33:43]} 15. f3 {[%clk 0:52:09]} Bd7
{[%clk 0:34:02]} 16. h3 {[%clk 0:50:42]} c6 {[%clk 0:29:25]} 17. Nc2
{[%clk 0:44:58]} Qb6 {[%clk 0:27:48]} 18. Qf2 {[%clk 0:44:43]} Be6
{[%clk 0:22:55]} 19. Rxd6 {[%clk 0:42:01]} Ncd7 {[%clk 0:21:24]} 20. Qxb6
{[%clk 0:38:01]} Nxb6 {[%clk 0:21:49]} 21. f4 {[%clk 0:37:15]} a4
{[%clk 0:20:55]} 22. g4 {[%clk 0:35:42]} axb3 {[%clk 0:20:52]} 23. axb3
{[%clk 0:36:04]} Bc8 {[%clk 0:20:05]} 24. c5 {[%clk 0:29:12]} Nbd7
{[%clk 0:17:39]} 25. e5 {[%clk 0:27:28]} Nd5 {[%clk 0:16:28]} 26. Nxd5
{[%clk 0:27:29]} cxd5 {[%clk 0:16:51]} 27. Rxd5 {[%clk 0:25:52]} h5
{[%clk 0:13:50]} 28. Ne3 {[%clk 0:23:21]} hxg4 {[%clk 0:13:27]} 29. hxg4
{[%clk 0:23:30]} g6 {[%clk 0:11:27]} 30. Red1 {[%clk 0:22:12]} Nf8
{[%clk 0:11:33]} 31. Rd8 {[%clk 0:20:18]} Rxd8 {[%clk 0:11:13]} 32. Rxd8
{[%clk 0:20:42]} Ra1+ {[%clk 0:11:32]} 33. Kh2 {[%clk 0:19:40]} Be6
{[%clk 0:11:48]} 34. Bxb7 {[%clk 0:16:48]} Bxb3 {[%clk 0:11:40]} 35. Rd3
{[%clk 0:14:36]} Be6 {[%clk 0:09:02]} 36. Rc3 {[%clk 0:13:48]} Ra4 1-0

[Event "Mästar Elit"]
[Site "Örebro"]
[Date "2013.07.11"]
[Round "6"]
[White "Johansson, Linus"]
[Black "Lindgren, Philip"]
[Result "1/2-1/2"]
[BlackElo "2287"]
[WhiteElo "2347"]

1. d4 {[%clk 1:30:55]} d5 {[%clk 1:30:49]} 2. c4 {[%clk 1:31:20]} c6
{[%clk 1:31:14]} 3. cxd5 {[%clk 1:31:36]} cxd5 {[%clk 1:31:39]} 4. Bf4
{[%clk 1:32:01]} Nf6 {[%clk 1:31:12]} 5. Nc3 {[%clk 1:32:27]} Nc6
{[%clk 1:31:10]} 6. e3 {[%clk 1:32:52]} a6 {[%clk 1:30:17]} 7. Rc1
{[%clk 1:33:17]} e6 {[%clk 1:21:12]} 8. Bd3 {[%clk 1:30:59]} Be7 {[%clk 1:21:14]}
9. h3 {[%clk 1:30:11]} Bd7 {[%clk 1:15:15]} 10. Nf3 {[%clk 1:30:27]} O-O
{[%clk 1:15:14]} 11. O-O {[%clk 1:30:00]} Qa5 {[%clk 1:14:32]} 12. Qe2
{[%clk 1:27:04]} Rfc8 {[%clk 1:10:55]} 13. Nd2 {[%clk 1:21:02]} b5
{[%clk 1:03:28]} 14. Nb3 {[%clk 1:17:52]} Qb6 {[%clk 1:01:46]} 15. Rfd1
{[%clk 1:17:07]} Na5 {[%clk 0:54:10]} 16. Nxa5 {[%clk 1:17:01]} Qxa5
{[%clk 0:54:34]} 17. a3 {[%clk 1:17:24]} Bc6 {[%clk 0:50:43]} 18. f3
{[%clk 1:15:32]} Qb6 {[%clk 0:49:59]} 19. Bg3 {[%clk 1:14:19]} b4
{[%clk 0:46:37]} 20. axb4 {[%clk 1:14:43]} Bxb4 {[%clk 0:46:58]} 21. Bf2
{[%clk 1:12:05]} Qb7 {[%clk 0:32:58]} 22. Bh4 {[%clk 1:09:06]} Be7
{[%clk 0:27:29]} 23. Rc2 {[%clk 1:04:03]} a5 {[%clk 0:23:35]} 24. Rdc1
{[%clk 1:03:44]} Be8 {[%clk 0:21:30]} 25. Bg3 {[%clk 0:54:43]} a4
{[%clk 0:19:03]} 26. Nb5 {[%clk 0:49:47]} Rxc2 {[%clk 0:13:27]} 27. Rxc2
{[%clk 0:50:15]} Bxb5 {[%clk 0:12:27]} 28. Bxb5 {[%clk 0:50:43]} Ra5
{[%clk 0:11:24]} 29. Bc6 {[%clk 0:49:50]} Qb6 {[%clk 0:10:09]} 30. Be1
{[%clk 0:48:51]} Ra7 {[%clk 0:09:12]} 31. Qb5 {[%clk 0:47:48]} Qxb5 32. Bxb5
{[%clk 0:48:14]} g6 {[%clk 0:08:02]} 33. Bh4 {[%clk 0:47:24]} Kg7
{[%clk 0:07:25]} 34. e4 {[%clk 0:46:02]} dxe4 {[%clk 0:04:59]} 35. fxe4
{[%clk 0:46:22]} Nxe4 {[%clk 0:04:23]} 36. Bxe7 {[%clk 0:46:43]} Rxe7
{[%clk 0:04:52]} 37. Bxa4 {[%clk 0:47:02]} Ra7 {[%clk 0:04:26]} 38. Bc6
{[%clk 0:43:27]} Ra1+ {[%clk 0:04:10]} 39. Kh2 {[%clk 0:43:54]} Nf6
{[%clk 0:03:30]} 40. Bf3 {[%clk 1:11:35]} Rb1 {[%clk 0:31:36]} 41. Kg3
{[%clk 1:11:14]} g5 {[%clk 0:29:06]} 42. Kf2 {[%clk 1:07:35]} h5 {[%clk 0:28:32]}
43. Ke2 {[%clk 1:07:57]} Kg6 {[%clk 0:27:59]} 44. Kd2 {[%clk 1:07:22]} g4
{[%clk 0:27:26]} 45. hxg4 {[%clk 1:07:36]} hxg4 {[%clk 0:27:51]} 46. Bc6
{[%clk 1:07:55]} Nd5 {[%clk 0:26:50]} 47. Bxd5 {[%clk 1:08:11]} exd5
{[%clk 0:27:15]} 48. Kc3 {[%clk 0:49:44]} f5 {[%clk 0:26:15]} 49. Kb4
{[%clk 0:29:18]} f4 {[%clk 0:25:48]} 50. Kc5 {[%clk 0:29:42]} Kf5
{[%clk 0:25:15]} 51. Kxd5 {[%clk 0:30:06]} f3 {[%clk 0:23:16]} 52. gxf3
{[%clk 0:30:31]} gxf3 {[%clk 0:23:39]} 53. Kc6 {[%clk 0:30:26]} Ke4
{[%clk 0:21:48]} 54. d5 {[%clk 0:30:43]} Ke3 {[%clk 0:20:26]} 55. d6
{[%clk 0:31:07]} f2 {[%clk 0:20:05]} 56. Rxf2 {[%clk 0:31:33]} Kxf2
{[%clk 0:20:09]} 57. d7 {[%clk 0:31:57]} Rc1+ {[%clk 0:19:44]} 58. Kb7
{[%clk 0:32:16]} 1/2-1/2